000 00962nam a22002655i 4500
001 176524
003 ES-MaACL
005 20230906220116.0
008 110120s1940 sp a |||| | spa d
080 _a821.134.2-23"19"
100 1 _aPaso, Antonio.
_989421
245 1 0 _aPapanatas
_b: comedia en tres actos y en prosa /
_coriginal de Antonio Paso (hijo) y Emilio Sáez.
250 _a2ª ed.
260 _aMadrid :
_b[s. n.,
_c1940?]
300 _a77 p. ;
_c17 cm.
490 1 _aBiblioteca teatral ;
_v2
500 _aAnteportada ilustrada.
500 _aEn port. : Estrenada en el Teatro Reina Victoria, de Madrid, por la Compañía de Aurora Redondo y Valeriano León, la noche del 28 de mayo de 1940.
500 _aEncuadernado con otros títulos.
597 _aEn el lomo: 2-15.
700 1 _aSáez, Emilio.
_9101351
830 0 _aBiblioteca teatral ;
_v2
_9190120
852 _aES-MaACL
_jE-14121 (2)
_xOlim P-302
999 _c176524
_d176524